5 Aéroports les plus fréquentés par continent - Statistiques

Statistiques générales
  • Ce quiz a été pris 2 030 fois
    1 827 depuis la dernière actualisation
  • Le résultat moyen est 15 sur 30
Statistiques - réponses
Afrique % Correct
26,2 M Paris
98%
101 M Pékin
77%
41,9 M Sydney
75%
28,8 M Los Angeles
74%
87,1 M Tokyo
74%
11,3 M Le Caire
66%
30,6 M Moscou
64%
25,1 M Moscou
64%
74,1 M Shanghaï
61%
20,3 M São Paulo
58%
36,7 M Melbourne
54%
42,9 M Atlanta
53%
8,2 M Johannesburg
53%
30,9 M Chicago
52%
37,2 M Istanbul
48%
10,8 M Bogotá
46%
25,5 M Amsterdam
45%
12,5 M Perth
43%
89,1 M Dubaï
41%
7,6 M Lima
41%
13,7 M Auckland
40%
7,8 M Brasilia
40%
5,7 M Lagos
38%
8,5 M Santiago
38%
74,7 M Hong Kong
34%
23,2 M Brisbane
31%
39,4 M Dallas / Fort Worth
31%
33,7 M Denver
17%
5,3 M Abuja
7%
4,9 M Hurghada
1%
Aucun quiz correspondant
Distribution des résultats
% des personnes avec chaque résultat
Percentile par nombre de réponses
Votre historique - résultats
Vous n’avez pas pris ce quiz depuis la dernière actualisation